Introducción a la química industrial
Saved in:
| Hovedforfatter: | |
|---|---|
| Format: | Bog |
| Sprog: | spansk |
| Udgivet: |
Barcelona
Reverté
1999
|
| Udgivelse: | 2a. ed |
| Fag: | |
| Tags: |
Tilføj Tag
Ingen Tags, Vær først til at tagge denne postø!
|
MARC
| LEADER | 00000nam a2200000 a 4500 | ||
|---|---|---|---|
| 001 | UCN9166 | ||
| 003 | CL-VaPUC | ||
| 008 | 011130e19990000SP |||||||||||||||||spa|d | ||
| 020 | |a 842917933X | ||
| 082 | 0 | 4 | |a 660 |b VIA |2 21 |
| 100 | 0 | |a Vian Ortuño, Angel |e author |9 465632 | |
| 245 | 1 | 0 | |a Introducción a la química industrial |
| 250 | |a 2a. ed | ||
| 300 | |a 636 p | ||
| 942 | |c BK | ||
| 945 | |d 20011130 00:00:00 |a vberengu | ||
| 260 | |a Barcelona |b Reverté |c 1999 | ||
| 650 | 0 | |a Química industrial |9 355322 | |
| 650 | 0 | |a Energía |9 259431 | |
| 650 | 0 | |a Aire |9 261540 | |
| 650 | 7 | |a HIDROSFERA |2 CL-VaPUC |9 407459 | |
| 650 | 0 | |a Agua |9 257149 | |
| 650 | 0 | |a Litósfera |9 453836 | |
| 650 | 7 | |a CARBON |2 CL-VaPUC |9 268755 | |
| 650 | 7 | |a BIOSFERA |2 CL-VaPUC |9 264378 | |
| 583 | |a last modification |c 20171031 11:00:23 |k Rodrigo Vera | ||
| 999 | |c 298689 |d 298687 | ||
| 952 | |0 0 |1 0 |4 0 |6 660_000000000000000_VIA_1999 |7 0 |8 A |9 354460 |a BIBCUR |b BIBCUR |d 2019-11-21 |i 3779238 |o 660 VIA 1999 |p 3779238 |r 2025-04-22 |w 2019-11-21 |y BK |k QUI | ||
| 952 | |0 0 |1 0 |4 0 |6 660_000000000000000_VIA_1999 |7 0 |8 A |9 354462 |a BIBCUR |b BIBCUR |d 2019-11-21 |i 3848051 |o 660 VIA 1999 |p 3848051 |r 2025-04-22 |w 2019-11-21 |y BK |k QUI | ||
| 952 | |0 0 |1 0 |4 0 |6 660_000000000000000_VIA_1999 |7 0 |8 A |9 354463 |a BIBCUR |b BIBCUR |d 2019-11-21 |i 3848078 |o 660 VIA 1999 |p 3848078 |r 2025-04-22 |w 2019-11-21 |y BK |k QUI | ||
| 952 | |0 0 |1 0 |4 0 |6 660_000000000000000_VIA_1999 |7 0 |8 A |9 354464 |a BIBCUR |b BIBCUR |d 2019-11-21 |i 4037324 |o 660 VIA 1999 |p 4037324 |r 2025-04-22 |w 2019-11-21 |y BK |k QUI | ||
| 952 | |0 0 |1 0 |4 0 |6 660_000000000000000_VIA_1999 |7 0 |8 A |9 354465 |a BIBCUR |b BIBCUR |d 2019-11-21 |i 4037332 |o 660 VIA 1999 |p 4037332 |r 2025-04-22 |w 2019-11-21 |y BK |k QUI | ||
| 952 | |0 0 |1 0 |4 0 |6 660_000000000000000_VIA_1999 |7 0 |8 A |9 354466 |a BIBCUR |b BIBCUR |d 2019-11-21 |i 4037340 |o 660 VIA 1999 |p 4037340 |r 2025-04-22 |w 2019-11-21 |y BK |k QUI | ||
| 952 | |0 0 |1 0 |4 0 |6 660_000000000000000_VIA_1999 |7 0 |8 A |9 354467 |a BIBCUR |b BIBCUR |d 2019-11-21 |i 4037359 |o 660 VIA 1999 |p 4037359 |r 2025-04-22 |w 2019-11-21 |y BK |k QUI | ||
| 952 | |0 0 |1 0 |4 0 |6 660_000000000000000_VIA_1999 |7 0 |8 A |9 354468 |a BIBCUR |b BIBCUR |d 2019-11-21 |i 4037367 |o 660 VIA 1999 |p 4037367 |r 2025-04-22 |w 2019-11-21 |y BK |k QUI | ||
| 952 | |0 0 |1 0 |2 ddc |4 0 |6 660_000000000000000_VIA_1999 |7 0 |8 A |9 354469 |a BIBCUR |b BIBCUR |d 2019-11-21 |i 377922K |o 660 VIA 1999 |p 377922K |r 2025-04-22 |w 2019-11-21 |x jtorres |y BK |k QUI | ||